000 00620nam a2200241Ia 4500
003 OSt
005 20221005021900.0
006 a|||||r|||| 00| 0
007 ta
008 221004b |||||||| |||| 00| 0 eng d
024 _a66730
037 _cTextual
040 _aCRL
_cCRL
_beng
041 _2eng
_aeng
082 _aV59M:19(zK), M8
100 _aPeznikova Oksana
_9577570
245 0 _aWhat and non-alignment
260 _aAhmedabad
_bAllied
_c1988
300 _a11p.
_ccm.
650 _aHISTORY
942 _hV59M:19(zK), M8
_cTEXL
_2cc
999 _c928306
_d928306